[Event "DEM U12/U12w 2014"]
[Site "Magdeburg GER"]
[Date "2014.06.09"]
[Round "3"]
[White "Preißler, Niklas"]
[Black "Rockmann, Jan-Okke"]
[Result "1/2-1/2"]
[Termination "normal"]
[Board "1"]
[WhiteElo "1812"]
[BlackElo "1873"]
[PlyCount "91"]
[WhiteFideId "12927554"]
[BlackFideId "12942111"]
[EventCountry "GER"]
[EventRounds "11"]
[EventType "swiss"]
[EventDate "2014.06.07"]

1. d4 Nf6 2. Nf3 e6 3. Bf4 c5 4. e3 Nc6 5. c3 Be7 6. Nbd2 Nh5 7. Bg3 Nxg3 8.
hxg3 cxd4 9. exd4 d5 10. Bd3 h6 11. Qe2 Bd7 12. Ne5 Nxe5 13. Qxe5 Bf6 14. Qe2
Qc7 15. Nf3 O-O 16. O-O Rfe8 17. Qd2 Bc6 18. Rfe1 Re7 19. Re2 Rae8 20. Rae1 a6
21. Qe3 Bb5 22. Bxb5 axb5 23. a3 Qd6 24. Qd3 Qc6 25. Nd2 g6 26. f4 Kg7 27. Nf3
h5 28. Kf2 Qc4 29. Qxc4 bxc4 30. Rc2 Rc7 31. Rd2 Rc6 32. Rc2 Rb6 33. Rd2 Ra8
34. Rc2 Ra5 35. Ree2 Kf8 36. Ne5 Ke7 37. Kf3 Rb3 38. g4 hxg4+ 39. Kxg4 Ra8 40.
g3 Rh8 41. Rh2 Bxe5 42. fxe5 Rxh2 43. Rxh2 Kf8 44. Kg5 Kg7 45. g4 Rb6 46. Rf2
1/2-1/2

[Event "DEM U12/U12w 2014"]
[Site "Magdeburg GER"]
[Date "2014.06.09"]
[Round "3"]
[White "Yankelevich, Michael"]
[Black "Kopylov, Daniel"]
[Result "0-1"]
[Termination "normal"]
[Board "2"]
[WhiteElo "1696"]
[BlackElo "1813"]
[PlyCount "58"]
[WhiteFideId "12921440"]
[BlackFideId "12921971"]
[EventCountry "GER"]
[EventRounds "11"]
[EventType "swiss"]
[EventDate "2014.06.07"]

1. e4 c5 2. Nc3 Nc6 3. g3 g6 4. Bg2 Bg7 5. d3 d6 6. Nh3 Nf6 7. O-O Bg4 8. f3
Bd7 9. Be3 Nd4 10. Qd2 O-O 11. Rac1 b5 12. Kh1 b4 13. Ne2 Qc8 14. Nf2 Nxe2 15.
Qxe2 Qa6 16. Ra1 Ne8 17. Rfb1 Qb5 18. Qd2 Nc7 19. Bh6 Ne6 20. Bxg7 Kxg7 21. c3
Rfb8 22. Bf1 bxc3 23. bxc3 Qxb1 24. Rxb1 Rxb1 25. Nd1 Ba4 26. Be2 Rab8 27. Kg2
Bxd1 28. Bxd1 R8b2 29. Bc2 Rxa2 0-1

[Event "DEM U12/U12w 2014"]
[Site "Magdeburg GER"]
[Date "2014.06.09"]
[Round "3"]
[White "Tong, Kevin"]
[Black "Zimmer, Raphael"]
[Result "1-0"]
[Termination "normal"]
[Board "3"]
[WhiteElo "1758"]
[BlackElo "1868"]
[PlyCount "107"]
[WhiteFideId "12913944"]
[BlackFideId "12978841"]
[EventCountry "GER"]
[EventRounds "11"]
[EventType "swiss"]
[EventDate "2014.06.07"]

1. e4 e5 2. Nf3 Nc6 3. d4 exd4 4. Nxd4 Bc5 5. Be3 Qf6 6. Nb5 Bxe3 7. fxe3 Qh4+
8. g3 Qd8 9. Qg4 g6 10. Qf4 d6 11. Bc4 Ne5 12. Nd2 g5 13. Qf2 Bh3 14. O-O-O Qd7
15. Be2 a6 16. Nc3 O-O-O 17. Nc4 Ng6 18. Nd5 Kb8 19. e5 N8e7 20. exd6 Nxd5 21.
Rxd5 Be6 22. Rd4 cxd6 23. Rhd1 d5 24. e4 Qc6 25. exd5 Bxd5 26. Ne3 Qb6 27. Rxd5
Rde8 28. R5d4 Qe6 29. R1d3 Ne5 30. Rb3 Nc6 31. Bg4 Qg6 32. Rd7 Na5 33. Rc3 Qb6
34. Qf3 Rd8 35. Qxf7 Rxd7 36. Qxd7 Rd8 37. Rc8+ Rxc8 38. Qxc8+ Ka7 39. Qe6 Qc5
40. Bf3 g4 41. Bxg4 Nc6 42. c3 Ne5 43. Nd1 h5 44. Be2 Nc6 45. Qe3 Qxe3+ 46.
Nxe3 Ne5 47. Bxh5 Kb6 48. Kc2 Kc5 49. b4+ Kd6 50. Kb3 b5 51. c4 Nc6 52. c5+ Ke5
53. Kc3 Ne7 54. Bf3 1-0

[Event "DEM U12/U12w 2014"]
[Site "Magdeburg GER"]
[Date "2014.06.09"]
[Round "3"]
[White "Graf, Justus Felix"]
[Black "Renger, Niklas"]
[Result "0-1"]
[Termination "normal"]
[Board "4"]
[WhiteElo "1513"]
[BlackElo "1794"]
[PlyCount "116"]
[WhiteFideId "12929212"]
[BlackFideId "12908096"]
[EventCountry "GER"]
[EventRounds "11"]
[EventType "swiss"]
[EventDate "2014.06.07"]

1. e4 c5 2. Nf3 d6 3. d4 cxd4 4. Nxd4 Nf6 5. Nc3 g6 6. Bc4 Bg7 7. O-O O-O 8.
Re1 Nc6 9. Nb3 Ne5 10. Bf1 Be6 11. Nd5 Bxd5 12. exd5 Rc8 13. a4 Re8 14. a5 Qc7
15. c3 Ned7 16. a6 bxa6 17. Bxa6 Rb8 18. Na5 Rb6 19. Bc4 Ne5 20. b3 Nxc4 21.
Nxc4 Rb5 22. Na3 Rxd5 23. Qf3 Rf5 24. Qd3 Ng4 25. f3 Qc5+ 26. Be3 Nxe3 27. Rxe3
Bh6 28. Nc2 Re5 29. Rae1 Rc8 30. b4 Bxe3+ 31. Rxe3 Rxe3 32. Nxe3 Qxc3 33. Qxc3
Rxc3 34. Nd5 Rc1+ 35. Kf2 Rc2+ 36. Kf1 e6 37. Nf6+ Kf8 38. Nxh7+ Kg7 39. Ng5
Rb2 40. Ne4 Rxb4 41. Nxd6 a5 42. Ke1 a4 43. Ne4 a3 44. Nc3 a2 45. Nxa2 Rb1+ 46.
Nc1 Rxc1+ 47. Ke2 Rg1 48. g3 Rg2+ 49. Ke3 Rxh2 50. Ke4 f5+ 51. Kf4 Kf6 52. g4
fxg4 53. Kxg4 e5 54. Kg3 Rc2 55. Kg4 g5 56. Kh3 Kf5 57. Kg3 Rc3 58. Kf2 Kf4 0-1

[Event "DEM U12/U12w 2014"]
[Site "Magdeburg GER"]
[Date "2014.06.09"]
[Round "3"]
[White "Biastoch, Bennet"]
[Black "Pölt, Christoph"]
[Result "1-0"]
[Termination "normal"]
[Board "5"]
[WhiteElo "1754"]
[BlackElo "1741"]
[PlyCount "33"]
[WhiteFideId "12939889"]
[BlackFideId "12960853"]
[EventCountry "GER"]
[EventRounds "11"]
[EventType "swiss"]
[EventDate "2014.06.07"]

1. e4 e5 2. Nf3 Nc6 3. Bc4 Bc5 4. c3 Nf6 5. d4 exd4 6. e5 Ng4 7. cxd4 Bb4+ 8.
Nc3 d6 9. h3 d5 10. Bb5 Nh6 11. Bg5 Qd7 12. O-O a6 13. e6 fxe6 14. Ne5 Qd6 15.
Bxc6+ bxc6 16. Qh5+ g6 17. Qxh6 1-0

[Event "DEM U12/U12w 2014"]
[Site "Magdeburg GER"]
[Date "2014.06.09"]
[Round "3"]
[White "Meyling, Lennart"]
[Black "Suvorov, Alexander"]
[Result "0-1"]
[Termination "normal"]
[Board "6"]
[WhiteElo "1722"]
[BlackElo "1569"]
[PlyCount "112"]
[WhiteFideId "12947130"]
[BlackFideId "12977063"]
[EventCountry "GER"]
[EventRounds "11"]
[EventType "swiss"]
[EventDate "2014.06.07"]

1. d4 d5 2. c4 dxc4 3. e3 Nf6 4. Bxc4 e6 5. Nc3 Be7 6. Nf3 O-O 7. O-O a6 8. Bd2
b5 9. Bb3 Bb7 10. Ne5 Nbd7 11. f4 c5 12. Be1 Nb6 13. Rc1 cxd4 14. exd4 Nbd5 15.
Nxd5 Nxd5 16. Nc6 Bxc6 17. Rxc6 Ne3 18. Qd3 Nxf1 19. Bc2 g6 20. Kxf1 Qd5 21.
Qc3 Bb4 22. Qf3 Qxf3+ 23. gxf3 Bxe1 24. Kxe1 Rfc8 25. Be4 Rxc6 26. Bxc6 Rc8 27.
Be4 Rc4 28. Bb7 a5 29. Ba6 Rb4 30. b3 a4 31. bxa4 Rxa4 32. Bxb5 Rxa2 33. h3 Rh2
34. Bf1 Kg7 35. Bd3 Rxh3 36. Kf2 Rh2+ 37. Ke3 h5 38. f5 gxf5 39. Kf4 Rh4+ 40.
Ke3 Kf6 41. Bc4 Ke7 42. Bf1 Kd6 43. Bc4 f6 44. Bd3 Kd5 45. Bb1 Rxd4 46. Ba2+
Ke5 47. Bxe6 Kxe6 48. Kxd4 h4 49. Ke3 Ke5 50. f4+ Kd5 51. Kf3 Kd4 52. Kg2 Ke3
53. Kh3 Kxf4 54. Kxh4 Kf3 55. Kh3 f4 56. Kh2 Ke2 0-1

[Event "DEM U12/U12w 2014"]
[Site "Magdeburg GER"]
[Date "2014.06.09"]
[Round "3"]
[White "Schulze, Lara"]
[Black "Wachtel, Arthur"]
[Result "1-0"]
[Termination "normal"]
[Board "7"]
[WhiteElo "1774"]
[BlackElo "1539"]
[PlyCount "57"]
[WhiteFideId "12956830"]
[BlackFideId "12988510"]
[EventCountry "GER"]
[EventRounds "11"]
[EventType "swiss"]
[EventDate "2014.06.07"]

1. d4 e6 2. c4 Nf6 3. Nc3 Bb4 4. a3 Bxc3+ 5. bxc3 O-O 6. e3 b6 7. Bd3 Ba6 8. e4
d5 9. e5 Nfd7 10. Nf3 c5 11. Bxh7+ Kxh7 12. Ng5+ Qxg5 13. Bxg5 Bxc4 14. Qh5+
Kg8 15. Qg4 g6 16. Qh4 cxd4 17. cxd4 f6 18. exf6 Rf7 19. Rc1 Nc6 20. Rxc4 dxc4
21. Qe4 Rc8 22. Qxg6+ Kf8 23. Bh6+ Ke8 24. Qg8+ Nf8 25. Bxf8 Rxf8 26. Qxe6+ Kd8
27. Qd6+ Ke8 28. d5 Nb8 29. Qe7# 1-0

[Event "DEM U12/U12w 2014"]
[Site "Magdeburg GER"]
[Date "2014.06.09"]
[Round "3"]
[White "Engel, Luis"]
[Black "Recktenwald, Cedric"]
[Result "1-0"]
[Termination "normal"]
[Board "8"]
[WhiteElo "1982"]
[BlackElo "1435"]
[PlyCount "51"]
[WhiteFideId "12961523"]
[BlackFideId "12971928"]
[EventCountry "GER"]
[EventRounds "11"]
[EventType "swiss"]
[EventDate "2014.06.07"]

1. e4 e6 2. d4 d5 3. Nd2 Nf6 4. e5 Nfd7 5. Bd3 c5 6. c3 Nc6 7. Ne2 cxd4 8. cxd4
f6 9. Nf4 Nxd4 10. Qh5+ Ke7 11. exf6+ Nxf6 12. Ng6+ hxg6 13. Qxh8 Kf7 14. Qh4
e5 15. Nf3 Nxf3+ 16. gxf3 Bf5 17. Bxf5 gxf5 18. O-O Bd6 19. Bg5 Qe7 20. Rac1
Qe6 21. Rfd1 Nd7 22. Rc2 Nb6 23. Rdc1 Qg6 24. Kh1 Qe6 25. Bd8 Qd7 26. Rc7 1-0

[Event "DEM U12/U12w 2014"]
[Site "Magdeburg GER"]
[Date "2014.06.09"]
[Round "3"]
[White "Pfreundt, Mathis"]
[Black "Mätzkow, Maximilian Paul"]
[Result "0-1"]
[Termination "normal"]
[Board "9"]
[WhiteElo "1667"]
[BlackElo "1841"]
[PlyCount "113"]
[WhiteFideId "12967092"]
[BlackFideId "24679933"]
[EventCountry "GER"]
[EventRounds "11"]
[EventType "swiss"]
[EventDate "2014.06.07"]

1. e4 c5 2. Nf3 Nf6 3. Nc3 d5 4. exd5 Nxd5 5. Bb5+ Bd7 6. Ne5 Nf6 7. Bc4 e6 8.
d3 Nc6 9. Nxd7 Qxd7 10. Bf4 Bd6 11. Bxd6 Qxd6 12. O-O O-O 13. a4 Nd4 14. Ne2
Rfd8 15. Re1 Nxe2+ 16. Qxe2 Nd5 17. Bxd5 Qxd5 18. Qe4 b6 19. Re3 Rac8 20. b3
Qd4 21. Qxd4 cxd4 22. Re2 Rc3 23. Kf1 Kf8 24. Ra2 a5 25. Re5 Rd6 26. Ke2 f6 27.
Rb5 Rc5 28. Rxc5 bxc5 29. Ra1 e5 30. Re1 Kf7 31. Kf3 Ke6 32. Kg3 Kf5 33. h4 h6
34. Kf3 h5 35. Rg1 Rd7 36. Rh1 g6 37. Rh3 Rh7 38. Rh1 g5 39. hxg5 fxg5 40. g3
h4 41. g4+ Ke6 42. Rh3 Kd5 43. Ke2 e4 44. Kd2 Rf7 45. Ke2 Rf4 46. dxe4+ Rxe4+
47. Kf3 Rf4+ 48. Ke2 Rxg4 49. Rf3 Re4+ 50. Kd3 Rf4 51. Rxf4 gxf4 52. Ke2 Ke4
53. f3+ Kf5 54. Kf2 h3 55. Kg1 Ke5 56. Kh2 d3 57. Kxh3 0-1

[Event "DEM U12/U12w 2014"]
[Site "Magdeburg GER"]
[Date "2014.06.09"]
[Round "3"]
[White "Wierzbicki, Jirawat"]
[Black "Dietz, Florian"]
[Result "1/2-1/2"]
[Termination "normal"]
[Board "10"]
[WhiteElo "1774"]
[BlackElo "1860"]
[PlyCount "88"]
[WhiteFideId "1153579"]
[BlackFideId "12939897"]
[EventCountry "GER"]
[EventRounds "11"]
[EventType "swiss"]
[EventDate "2014.06.07"]

1. e4 c5 2. Nf3 d6 3. d4 cxd4 4. Nxd4 Nf6 5. Nc3 g6 6. Be2 Bg7 7. O-O O-O 8.
Re1 Nc6 9. Nb3 Be6 10. Bg5 Qc7 11. Bf1 Rfd8 12. Nd5 Bxd5 13. exd5 Nb4 14. c4 b5
15. Qd2 bxc4 16. Bxf6 Bxf6 17. Rec1 Rab8 18. Bxc4 Qb6 19. Qe2 a5 20. a3 Na6 21.
Rab1 Nc5 22. Nxc5 Qxc5 23. g3 Qd4 24. b4 axb4 25. axb4 Rdc8 26. b5 Rb6 27. Rc2
Rc5 28. Kg2 Kg7 29. f4 Rc7 30. Rd1 Qc5 31. Bb3 Qxb5 32. Qxb5 Rxc2+ 33. Bxc2
Rxb5 34. Be4 Rb2+ 35. Kh3 g5 36. fxg5 Bxg5 37. Rd3 Rd2 38. Rxd2 Bxd2 39. Kg4 e6
40. Kf3 f5 41. Bc2 exd5 42. Bxf5 d4 43. Ke4 Be3 44. Kd5 h6 1/2-1/2

[Event "DEM U12/U12w 2014"]
[Site "Magdeburg GER"]
[Date "2014.06.09"]
[Round "3"]
[White "Rosenhain, Rachela"]
[Black "Suvorov, Luca"]
[Result "0-1"]
[Termination "normal"]
[Board "11"]
[WhiteElo "1659"]
[BlackElo "1599"]
[PlyCount "78"]
[WhiteFideId "12957615"]
[BlackFideId "12977071"]
[EventCountry "GER"]
[EventRounds "11"]
[EventType "swiss"]
[EventDate "2014.06.07"]

1. e4 c6 2. Nc3 d5 3. Nf3 Bg4 4. exd5 cxd5 5. d4 Nc6 6. Be3 Nf6 7. h3 Bxf3 8.
Qxf3 e6 9. a3 Be7 10. Bd3 a6 11. O-O O-O 12. Qe2 Qc7 13. f4 Rad8 14. Rad1 Rfe8
15. g4 g6 16. Qg2 Bf8 17. Rde1 Bg7 18. f5 exf5 19. gxf5 Qd7 20. fxg6 fxg6 21.
Bf2 Rxe1 22. Rxe1 Nh5 23. Ne2 Re8 24. Rf1 a5 25. c3 Na7 26. Bg3 Re3 27. Bc2 Qe6
28. Rf2 Nxg3 29. Nxg3 Nc8 30. Bb3 Nb6 31. Ba2 Re1+ 32. Rf1 Re3 33. Kh2 Bf8 34.
Kg1 Bd6 35. Rf3 Re1+ 36. Rf1 Qe3+ 37. Qf2 Qxg3+ 38. Qxg3 Rxf1+ 39. Kxf1 Bxg3
0-1

[Event "DEM U12/U12w 2014"]
[Site "Magdeburg GER"]
[Date "2014.06.09"]
[Round "3"]
[White "Collin, Alexander"]
[Black "Roho, Kevin"]
[Result "1/2-1/2"]
[Termination "normal"]
[Board "12"]
[WhiteElo "1590"]
[BlackElo "1643"]
[PlyCount "77"]
[WhiteFideId "12946745"]
[BlackFideId "12973734"]
[EventCountry "GER"]
[EventRounds "11"]
[EventType "swiss"]
[EventDate "2014.06.07"]

1. e4 d5 2. exd5 Nf6 3. d4 Nxd5 4. c4 Nb6 5. Nf3 g6 6. Be3 Bg7 7. Nc3 O-O 8. h3
Nc6 9. Qd2 e5 10. d5 Na5 11. Bxb6 axb6 12. Rb1 c5 13. g4 e4 14. Ng1 Re8 15. Nd1
Qe7 16. Ne3 f5 17. gxf5 gxf5 18. Ne2 Qe5 19. Nc1 f4 20. Ng2 Bf5 21. Qxf4 Qxf4
22. Nxf4 e3 23. Bd3 exf2+ 24. Kxf2 Bxd3 25. Ncxd3 Nxc4 26. a3 Rf8 27. Kg2 Rf5
28. Rhe1 Nxb2 29. Nxb2 Rxf4 30. d6 Rd4 31. Red1 Rxd1 32. Nxd1 Rd8 33. Rxb6 Be5
34. Rxb7 Bxd6 35. Nc3 c4 36. Ne4 Be5 37. Re7 Bg7 38. Rc7 Ra8 39. Rxc4 1/2-1/2

[Event "DEM U12/U12w 2014"]
[Site "Magdeburg GER"]
[Date "2014.06.09"]
[Round "3"]
[White "Stork, Oliver"]
[Black "Rößler, Lukas Namgyu"]
[Result "1-0"]
[Termination "normal"]
[Board "13"]
[WhiteElo "1629"]
[BlackElo "1662"]
[PlyCount "61"]
[WhiteFideId "12955728"]
[BlackFideId "12938718"]
[EventCountry "GER"]
[EventRounds "11"]
[EventType "swiss"]
[EventDate "2014.06.07"]

1. c4 e6 2. Nf3 d5 3. g3 c5 4. Bg2 Nc6 5. b3 Nf6 6. Bb2 Be7 7. O-O O-O 8. e3
Qc7 9. d3 Rd8 10. a3 b6 11. Qc2 Bb7 12. Nbd2 d4 13. exd4 cxd4 14. b4 e5 15.
Rfe1 Nd7 16. b5 Na5 17. Bxd4 Bxa3 18. Bxe5 Nxe5 19. Rxe5 Bb4 20. Rae1 Rac8 21.
Qb2 Bxf3 22. Bxf3 Bxd2 23. Qxd2 Nxc4 24. dxc4 h6 25. Qc2 Qd6 26. Bd5 Qb4 27.
Qf5 Qf8 28. Re7 Kh8 29. Rxf7 Qb4 30. Ree7 Qc3 31. Rxg7 1-0

[Event "DEM U12/U12w 2014"]
[Site "Magdeburg GER"]
[Date "2014.06.09"]
[Round "3"]
[White "Mönster, Madita"]
[Black "Jahn, Felix"]
[Result "1-0"]
[Termination "normal"]
[Board "14"]
[WhiteElo "1637"]
[BlackElo "1517"]
[PlyCount "31"]
[WhiteFideId "12947156"]
[BlackFideId "12983632"]
[EventCountry "GER"]
[EventRounds "11"]
[EventType "swiss"]
[EventDate "2014.06.07"]

1. e4 e6 2. d4 d5 3. Nc3 Nf6 4. e5 Nfd7 5. Nf3 c5 6. dxc5 Bxc5 7. Bd3 Nc6 8.
Bf4 Qb6 9. O-O Qxb2 10. Nb5 O-O 11. Bxh7+ Kh8 12. Ng5 g6 13. Qd3 Kg7 14. Nxe6+
Kxh7 15. Qh3+ Kg8 16. Ng5 1-0

[Event "DEM U12/U12w 2014"]
[Site "Magdeburg GER"]
[Date "2014.06.09"]
[Round "3"]
[White "Mütsch, Annmarie"]
[Black "Oganessjan, Artur"]
[Result "0-1"]
[Termination "normal"]
[Board "15"]
[WhiteElo "1648"]
[BlackElo "1761"]
[PlyCount "126"]
[WhiteFideId "12971367"]
[BlackFideId "12986062"]
[EventCountry "GER"]
[EventRounds "11"]
[EventType "swiss"]
[EventDate "2014.06.07"]

1. e4 d6 2. d4 Nf6 3. Bd3 e5 4. d5 Nbd7 5. Be3 c6 6. c4 Qc7 7. Nc3 Be7 8. Rc1
O-O 9. Nge2 Ng4 10. Bd2 Qb6 11. O-O Nc5 12. Bc2 Qxb2 13. Bb3 Qa3 14. Na4 Nxa4
15. Bxa4 Bd7 16. Rb1 Rab8 17. Bb4 Qxa2 18. Nc3 Qxc4 19. Bc2 c5 20. Bd3 Qd4 21.
Ne2 Qxb4 22. Rxb4 cxb4 23. h3 Nf6 24. f4 a5 25. Qb3 Rfc8 26. f5 Bd8 27. Ra1 b5
28. Kh2 Bb6 29. Bc2 Ra8 30. Nc1 Rc3 31. Qb1 Rac8 32. Ra2 Nxe4 33. Ne2 Nd2 34.
Qd1 b3 35. Nxc3 bxa2 36. Nxa2 Nc4 37. Bd3 Nb2 38. Qb3 Nxd3 39. Qxd3 Rc4 40. Qa3
b4 41. Qd3 Bb5 42. Qg3 a4 43. f6 g6 44. Qg5 Bd8 45. Qd2 b3 46. Nc3 Bd7 47. Qd3
Rd4 48. Qa6 Bxf6 49. Qxd6 Rc4 50. Qxf6 Rxc3 51. Qd8+ Kg7 52. Qxd7 b2 53. Qe7
Re3 54. Qb7 Rb3 55. Qe7 b1=Q 56. Qxe5+ Kh6 57. Qf4+ g5 58. Qd6+ Qg6 59. Qf8+
Kh5 60. Qe7 Rb6 61. g4+ Kh6 62. Qf8+ Qg7 63. Qa3 Qb2+ 0-1

[Event "DEM U12/U12w 2014"]
[Site "Magdeburg GER"]
[Date "2014.06.09"]
[Round "3"]
[White "Flach, Helene"]
[Black "Bui, Hai Lam"]
[Result "0-1"]
[Termination "normal"]
[Board "16"]
[WhiteElo "1657"]
[BlackElo "1674"]
[PlyCount "48"]
[WhiteFideId "12929735"]
[BlackFideId "12975737"]
[EventCountry "GER"]
[EventRounds "11"]
[EventType "swiss"]
[EventDate "2014.06.07"]

1. e4 c5 2. Nf3 d6 3. d4 cxd4 4. Nxd4 Nf6 5. Nc3 a6 6. f3 e6 7. Be3 b5 8. Qd2
Bb7 9. O-O-O Nbd7 10. g4 Nb6 11. h4 Nfd7 12. h5 b4 13. Nb1 d5 14. Qg2 Nc5 15.
Nd2 Rc8 16. Kb1 Qc7 17. Rc1 Nca4 18. Be2 Nxb2 19. N4b3 N2a4 20. Bxb6 Nc3+ 21.
Ka1 Qxb6 22. Bd3 Qc6 23. Nb1 Na4 24. Qe2 Bd6 0-1

[Event "DEM U12/U12w 2014"]
[Site "Magdeburg GER"]
[Date "2014.06.09"]
[Round "3"]
[White "Schneider, Jana"]
[Black "Staufenberger, Philipp"]
[Result "1/2-1/2"]
[Termination "normal"]
[Board "17"]
[WhiteElo "1824"]
[BlackElo "1620"]
[PlyCount "58"]
[WhiteFideId "12924997"]
[BlackFideId "12970883"]
[EventCountry "GER"]
[EventRounds "11"]
[EventType "swiss"]
[EventDate "2014.06.07"]

1. e4 Nc6 2. d4 d5 3. e5 Bf5 4. Nf3 e6 5. Bg5 Be7 6. Bxe7 Qxe7 7. c3 a6 8. Be2
f6 9. exf6 Nxf6 10. O-O O-O 11. Nh4 Ne4 12. Nxf5 Rxf5 13. Nd2 Nxd2 14. Qxd2
Raf8 15. Rae1 Qh4 16. Qe3 R8f6 17. Qg3 Qxg3 18. fxg3 Rxf1+ 19. Bxf1 Kf7 20. Bd3
h6 21. h4 Ne7 22. b3 Nf5 23. Kh2 Nd6 24. Re2 Nb5 25. a4 Nd6 26. g4 Rf4 27. Kg3
g5 28. hxg5 hxg5 29. Rf2 Rxf2 1/2-1/2

[Event "DEM U12/U12w 2014"]
[Site "Magdeburg GER"]
[Date "2014.06.09"]
[Round "3"]
[White "Wong, Gengchun"]
[Black "Könze, Heike"]
[Result "1-0"]
[Termination "normal"]
[Board "18"]
[WhiteElo "1857"]
[BlackElo "1503"]
[PlyCount "59"]
[WhiteFideId "12963283"]
[BlackFideId "12964476"]
[EventCountry "GER"]
[EventRounds "11"]
[EventType "swiss"]
[EventDate "2014.06.07"]

1. e4 e6 2. d4 d5 3. Nd2 Nf6 4. e5 Nfd7 5. Bd3 c5 6. c3 Nc6 7. Ne2 Qb6 8. Nf3
cxd4 9. cxd4 Be7 10. O-O f6 11. exf6 Nxf6 12. b3 O-O 13. Re1 Bd6 14. Bf4 Bxf4
15. Nxf4 Re8 16. Rc1 Bd7 17. Rxc6 bxc6 18. Ne5 Rad8 19. Nh5 Rf8 20. Re3 Be8 21.
Nxf6+ Rxf6 22. Rh3 g6 23. Rh4 c5 24. Qd2 Qc7 25. Qg5 Qg7 26. Ng4 Rf8 27. Qxd8
cxd4 28. Qd6 Bf7 29. Qe7 a5 30. Nf6+ 1-0

[Event "DEM U12/U12w 2014"]
[Site "Magdeburg GER"]
[Date "2014.06.09"]
[Round "3"]
[White "Ning, Felix"]
[Black "Roseneck, Jonas"]
[Result "0-1"]
[Termination "normal"]
[Board "19"]
[WhiteElo "1491"]
[BlackElo "1766"]
[PlyCount "72"]
[WhiteFideId "12988553"]
[BlackFideId "12939870"]
[EventCountry "GER"]
[EventRounds "11"]
[EventType "swiss"]
[EventDate "2014.06.07"]

1. d4 Nf6 2. c4 g6 3. Nc3 Bg7 4. e4 d6 5. Nf3 O-O 6. Be2 e5 7. dxe5 dxe5 8.
Qxd8 Rxd8 9. Bg5 Nbd7 10. Nd5 c6 11. Nc3 Re8 12. O-O Nc5 13. Nd2 Ne6 14. Be3
Nd4 15. Bd1 Nd7 16. Nb3 Nf8 17. Ne2 Nfe6 18. a4 Bd7 19. Na5 Nc5 20. b4 Nxe4 21.
Nxb7 Rab8 22. f3 Rxb7 23. fxe4 Rxb4 24. c5 Nxe2+ 25. Bxe2 Rxe4 26. Ra3 Bg4 27.
Ba6 Bc8 28. Be2 Bf8 29. Bf3 Rxe3 30. Rxe3 Bxc5 31. Kf2 e4 32. Bd1 Rd8 33. Be2
Rd2 34. Rc1 Bd4 35. Rxc6 Bg4 36. Kg3 Bd7 0-1

[Event "DEM U12/U12w 2014"]
[Site "Magdeburg GER"]
[Date "2014.06.09"]
[Round "3"]
[White "Baltic, Fatih"]
[Black "Kück, Artur"]
[Result "1/2-1/2"]
[Termination "normal"]
[Board "20"]
[WhiteElo "1870"]
[BlackElo "1393"]
[PlyCount "135"]
[WhiteFideId "12979090"]
[BlackFideId "12965120"]
[EventCountry "GER"]
[EventRounds "11"]
[EventType "swiss"]
[EventDate "2014.06.07"]

1. e4 d6 2. Nc3 Nf6 3. f4 e5 4. d3 exf4 5. Nf3 Nc6 6. Be2 Be6 7. Bxf4 d5 8. e5
Nd7 9. a3 Bc5 10. d4 Bb6 11. Qd2 a6 12. Be3 f6 13. exf6 Nxf6 14. O-O-O Qd7 15.
h3 O-O-O 16. Ng5 Kb8 17. Nxe6 Qxe6 18. Bf3 Rhe8 19. Rhe1 Ne4 20. Bxe4 dxe4 21.
d5 Qg6 22. Bxb6 cxb6 23. Qf4+ Ne5 24. Rxe4 Qd6 25. Kb1 h6 26. h4 b5 27. Rde1
Nc4 28. Qxd6+ Nxd6 29. Re7 Rxe7 30. Rxe7 Nf5 31. Re4 Kc7 32. Kc1 Rd7 33. Kd2
Rf7 34. Kd3 Nd6 35. Re2 Nf5 36. Re4 Nd6 37. Rg4 Nc4 38. Kd4 Nxb2 39. Rg6 Nc4
40. Ne4 Rd7 41. Nc5 Rf7 42. Ne6+ Kd7 43. Rxg7 Rxg7 44. Nxg7 Nxa3 45. c3 Nc2+
46. Kc5 Ne3 47. g3 Nc4 48. Nf5 h5 49. Ng7 b6+ 50. Kb4 Ne3 51. Nxh5 Nxd5+ 52.
Kb3 a5 53. Ng7 a4+ 54. Kb2 Ke7 55. Nf5+ Kf6 56. g4 Kg6 57. Nd4 Nc7 58. Nf3 Nd5
59. h5+ Kh6 60. Ne5 Kg5 61. Nf7+ Kxg4 62. h6 Nf6 63. Nd6 Kg5 64. Ne4+ Kg6 65.
Nd6 Kxh6 66. Nxb5 Nd5 67. Ka3 Nxc3 68. Nxc3 1/2-1/2

[Event "DEM U12/U12w 2014"]
[Site "Magdeburg GER"]
[Date "2014.06.09"]
[Round "3"]
[White "Holinka, Henning"]
[Black "Lesny, Florian"]
[Result "1-0"]
[Termination "normal"]
[Board "21"]
[WhiteElo "1689"]
[BlackElo "1549"]
[PlyCount "109"]
[WhiteFideId "12967084"]
[BlackFideId "12973874"]
[EventCountry "GER"]
[EventRounds "11"]
[EventType "swiss"]
[EventDate "2014.06.07"]

1. d4 d5 2. Nf3 Nf6 3. Nbd2 e6 4. e3 Be7 5. Bd3 Nbd7 6. b3 b6 7. Bb2 Bb7 8. O-O
Rc8 9. Ne5 Nxe5 10. dxe5 Nd7 11. Qg4 O-O 12. f4 g6 13. f5 exf5 14. Rxf5 Qe8 15.
Raf1 Nc5 16. Be2 Ne6 17. Rh5 Kg7 18. Rf3 Rh8 19. Rfh3 c5 20. Bd3 Bd8 21. c4 Qc6
22. Be2 dxc4 23. Nxc4 Qxg2+ 24. Qxg2 Bxg2 25. Kxg2 gxh5 26. Bxh5 Rg8 27. Rg3+
Kf8 28. Rxg8+ Kxg8 29. Bxf7+ Kxf7 30. Nd6+ Kg6 31. Nxc8 a6 32. Nd6 Kg7 33. Kf3
Kf8 34. Ke4 Ke7 35. Kd5 Kd7 36. a4 a5 37. Nc4 Bc7 38. Bc3 Bd8 39. Be1 Ng7 40.
Bf2 Ne6 41. Bg3 Ng7 42. e6+ Nxe6 43. Ne5+ Ke7 44. Bh4+ Ke8 45. Bxd8 Nxd8 46.
Nc4 Kd7 47. Nxb6+ Kc7 48. Nc4 Nb7 49. e4 Kd7 50. e5 h6 51. e6+ Ke7 52. Ne5 Nd8
53. Nc6+ Nxc6 54. Kxc6 Kxe6 55. Kxc5 1-0

[Event "DEM U12/U12w 2014"]
[Site "Magdeburg GER"]
[Date "2014.06.09"]
[Round "3"]
[White "Weimert, Miriam"]
[Black "ter Stal, Sven"]
[Result "1/2-1/2"]
[Termination "normal"]
[Board "22"]
[WhiteElo "1562"]
[BlackElo "1707"]
[PlyCount "77"]
[WhiteFideId "12966703"]
[BlackFideId "12946443"]
[EventCountry "GER"]
[EventRounds "11"]
[EventType "swiss"]
[EventDate "2014.06.07"]

1. e4 g6 2. d4 d6 3. Bc4 Bg7 4. Nf3 c6 5. a4 d5 6. exd5 cxd5 7. Bb3 Nc6 8. O-O
e6 9. Bf4 Nge7 10. c3 b6 11. Re1 Ba6 12. Nbd2 O-O 13. Bc2 Rc8 14. Rc1 Qd7 15.
Bb1 Rfd8 16. h4 b5 17. Bd3 Na5 18. Ne5 Qb7 19. axb5 Bxb5 20. Bxb5 Qxb5 21. Rb1
Nec6 22. Ndf3 Nxe5 23. Nxe5 Nc6 24. Qf3 Nxe5 25. Bxe5 Bxe5 26. Rxe5 Rc7 27. h5
Rd6 28. Qf6 Qe8 29. Rbe1 Qe7 30. Qf3 Kg7 31. hxg6 hxg6 32. Qd3 Rb6 33. Qd2 Qd8
34. R5e3 Qb8 35. Rh3 Rxb2 36. Qh6+ Kf6 37. Qf4+ Kg7 38. Qh6+ Kf6 39. Qf4+
1/2-1/2